00580nam a2200157 a 450000100100000000500170001000800410002704000250006808200150009310000230010824501320013126000380026330000210030150000580032270000420038000003829120201002031222.0130408s1997 dr 000 0 spa d aDO-SdBNPbspacBNPHU axxxxbxxxx1 aMartínez, Nelson10a¿Quienes son los evangélicos? ¿Quieres ser uno de ellos? /cNelson Novas Martínez ; prólogo Carlos Manuel Ventura Mota. aSanto Domingo :bLa Abeja,c1997. a110 p. ;c21 cm. aIncluye datos biográficos del autor en las solapas.12aVentura Mota, Carlos Manuel,epról.